Borreguita and the coyote : (Record no. 2736)

MARC details
000 -LEADER
fixed length control field 00943cam a2200277 a 4500
005 - DATE AND TIME OF LATEST TRANSACTION
control field 20250819162105.0
020 ## - INTERNATIONAL STANDARD BOOK NUMBER
International Standard Book Number 0590471147
040 ## - CATALOGING SOURCE
Original cataloging agency DLC
Transcribing agency DLC
Modifying agency DLC
Language of cataloging eng
050 00 - LIBRARY OF CONGRESS CALL NUMBER
Classification number PZ8.1.A213
Item number 1991
082 00 - DEWEY DECIMAL CLASSIFICATION NUMBER
Classification number 398.24
100 1# - MAIN ENTRY--PERSONAL NAME
Personal name Aardema, Verna
245 10 - TITLE STATEMENT
Title Borreguita and the coyote :
Remainder of title a tale from Ayutla, Mexico /
Statement of responsibility, etc. retold by Verna Aardema ; illustrated by Petra Mathers.
250 ## - EDITION STATEMENT
Edition statement First Scholastic printing, March 1994
260 ## - PUBLICATION, DISTRIBUTION, ETC.
Place of publication, distribution, etc. New York :
Name of publisher, distributor, etc. Scholastic ,
Date of publication, distribution, etc. 1991
300 ## - PHYSICAL DESCRIPTION
Extent 25 unnumbered pages :
Other physical details color illustrations ;
Dimensions 22 cm
505 ## - FORMATTED CONTENTS NOTE
Formatted contents note N <br/>
520 ## - SUMMARY, ETC.
Summary, etc. A little lamb uses her clever wiles to keep a coyote from eating her up.
521 ## - TARGET AUDIENCE NOTE
Target audience note 560 <br/>
Source Lexile <br/>
521 ## - TARGET AUDIENCE NOTE
Target audience note N <br/>
Source Raz-Plus <br/>
650 #1 - SUBJECT ADDED ENTRY--TOPICAL TERM
Topical term or geographic name entry element Folklore
Geographic subdivision Mexico.
655 #7 - INDEX TERM--GENRE/FORM
Genre/form data or focus term Juvenile literature
Chronological subdivision 1991.
Source of term rbgenr
700 1# - ADDED ENTRY--PERSONAL NAME
Personal name Mathers, Petra
Relator term illustrator
906 ## - LOCAL DATA ELEMENT F, LDF (RLIN)
a 7
b cbc
c orignew
d 1
e ocip
f 19
g y-gencatlg
942 ## - ADDED ENTRY ELEMENTS (KOHA)
Source of classification or shelving scheme Dewey Decimal Classification
Koha item type Books
Suppress in OPAC No
999 ## -
-- 2736
-- 2736
Holdings
Withdrawn status Lost status Source of classification or shelving scheme Damaged status Not for loan Collection Home library Current library Shelving location Date acquired Total Checkouts Full call number Barcode Date last seen Date last checked out Copy number Price effective from Koha item type
    Dewey Decimal Classification     Juvenile Fiction Footprints International School Library Network Toul Kork Campus Footprints International School Library Network Toul Kork Campus TK Primary Library Room(4th Floor), Bookcase 3&4, Shelves 17-32, Yellow Books 07/07/2025   AAR 398.24 PZ8.A213 FISTK02023 07/07/2025   3 07/07/2025 Books
    Dewey Decimal Classification     Juvenile Fiction Footprints International School Library Network Toul Tom Poung Campus Footprints International School Library Network Toul Tom Poung Campus TTP Primary Yellow Bookshelves 01/11/2024 1 AAR 398.24 PZ8.A213 FISBK06029 02/05/2024 01/22/2024 1 01/11/2024 Books
    Dewey Decimal Classification     Juvenile Fiction Footprints International School Library Network Toul Tom Poung Campus Footprints International School Library Network Toul Tom Poung Campus TTP Primary Yellow Bookshelves 01/11/2024   AAR 398.24 PZ8.A213 FISBK01598 05/07/2024   2 01/11/2024 Books
    Dewey Decimal Classification     Juvenile Fiction Footprints International School Library Network Toul Tom Poung Campus Footprints International School Library Network Toul Tom Poung Campus TTP Primary Yellow Bookshelves 08/19/2025   AAR 398.24 PZ8.A213 FIS02161 08/19/2025   4 08/19/2025 Books